[Event "FRA-ch Blitz"]
[Site "Asnieres sur Seine"]
[Date "2023.06.24"]
[Round "2"]
[White "Trapp, Thibaut"]
[Black "Vaisser, Anatoli"]
[Result "0-1"]
[WhiteElo "2025"]
[BlackElo "2445"]
[PlyCount "64"]
[EventDate "2023.06.24"]
[EventType "swiss (blitz)"]
[EventRounds "13"]
[EventCountry "FRA"]
[SourceTitle "CBM 214 Extra"]
[Source "ChessBase"]
[SourceDate "2023.07.31"]
[SourceVersion "1"]
[SourceVersionDate "2023.07.31"]
[SourceQuality "1"]

1. e4 e6 2. d4 d5 3. e5 c5 4. c3 Qb6 5. Nf3 Bd7 6. Bd3 cxd4 7. cxd4 Nc6 8. 0-0 Nxd4 9. Nxd4 Qxd4 10. Nc3 a6 11. Qe2 Ne7 12. Kh1 Nc6 13. f4 Bc5 14. Rd1 Qf2 15. a3 Qxe2 16. Nxe2 f6 17. b4 Ba7 18. Bb2 fxe5 19. fxe5 Bb8 20. Re1 Bxe5 21. Bxe5 Nxe5 22. Bc2 Ke7 23. Nd4 Kd6 24. Rad1 Rac8 25. Bb1 Rhf8 26. Kg1 Ba4 27. Rd2 Rf6 28. Rde2 Nc6 29. Nxe6 Bb5 30. Re3 Re8 31. Nc5 Rxe3 32. Rxe3 Rf1# 0-1

[Event "FRA-ch Blitz"]
[Site "Asnieres sur Seine"]
[Date "2023.06.24"]
[Round "5"]
[White "Vaisser, Anatoli"]
[Black "Lamaze, Simon"]
[Result "0-1"]
[WhiteElo "2445"]
[BlackElo "2377"]
[PlyCount "90"]
[EventDate "2023.06.24"]
[EventType "swiss (blitz)"]
[EventRounds "13"]
[EventCountry "FRA"]
[SourceTitle "CBM 214 Extra"]
[Source "ChessBase"]
[SourceDate "2023.07.31"]
[SourceVersion "1"]
[SourceVersionDate "2023.07.31"]
[SourceQuality "1"]

1. d4 Nf6 2. c4 g6 3. Nc3 Bg7 4. e4 d6 5. f4 0-0 6. Nf3 c5 7. d5 e6 8. Be2 exd5 9. cxd5 Re8 10. e5 dxe5 11. fxe5 Ng4 12. e6 fxe6 13. d6 Nc6 14. 0-0 Bd7 15. Kh1 Rf8 16. Bg5 Qb6 17. Qd2 h6 18. Be7 Rf7 19. Na4 Qb4 20. Qxb4 cxb4 21. Nc5 Nxe7 22. Nxd7 Nf5 23. Nc5 Nge3 24. Rg1 Nxd6 25. Nxe6 Ne4 26. Rge1 Bxb2 27. Rab1 Bc3 28. Bd3 Nf2+ 29. Kg1 Bxe1 30. Rxe1 Nxd3 31. Rxe3 Nf4 32. Nxf4 Rxf4 33. g3 Rf6 34. Kg2 Rd8 35. Re7 Rf7 36. Re6 Kh7 37. Ne5 Rg7 38. Rf6 Rd2+ 39. Kh3 Rxa2 40. Ng4 Ra6 41. Rf8 Re7 42. Rf4 b3 43. Nf6+ Kg7 44. Nd5 b2 45. Rb4 Rd7 0-1

[Event "Wch Seniors 65 30th"]
[Site "Assisi"]
[Date "2022.11.19"]
[Round "5"]
[White "Roos, Jean Luc"]
[Black "Vaisser, Anatoli"]
[Result "0-1"]
[WhiteElo "2195"]
[BlackElo "2463"]
[PlyCount "112"]
[EventDate "2022.11.15"]
[EventType "swiss"]
[EventRounds "11"]
[EventCountry "ITA"]
[SourceTitle "CBM 211 Extra"]
[Source "ChessBase"]
[SourceDate "2023.01.31"]
[SourceVersion "1"]
[SourceVersionDate "2023.01.31"]
[SourceQuality "1"]

1. d4 Nf6 2. c4 c5 3. d5 b5 4. cxb5 a6 5. e3 g6 6. Nc3 Bg7 7. Nf3 0-0 8. a4 e6 9. e4 Bb7 10. Be2 exd5 11. bxa6 Nxa6 12. exd5 d6 13. 0-0 Nc7 14. Bc4 Ba6 15. Bxa6 Rxa6 16. Bg5 Qa8 17. Qd2 Ncxd5 18. Nxd5 Qxd5 19. Qxd5 Nxd5 20. Rad1 Nf6 21. Bf4 Rd8 22. b3 Ne4 23. Rfe1 Nc3 24. Rd3 Na2 25. Red1 Bf8 26. Bg5 Rb8 27. Bf4 Nb4 28. Re3 Rc8 29. g3 d5 30. Be5 d4 31. Ree1 Nd5 32. Rc1 Rd8 33. g4 f6 34. Bg3 Rb6 35. Rb1 Rb4 36. g5 f5 37. Be5 Nc3 38. Rb2 Nxa4 39. Ra2 Nc3 40. Ra7 Rxb3 41. Bf6 Rdb8 42. Ne5 R3b7 43. Rea1 Bd6 44. Nc6 Rxa7 45. Rxa7 Rc8 46. Nd8 Bf8 47. Ne6 Re8 48. Ra6 Kf7 49. Nf4 Ne2+ 50. Nxe2 Rxe2 51. Ra7+ Ke6 52. Ra8 Be7 53. Ra6+ Kd5 54. Ra7 Bd6 55. Kf1 Rc2 56. Rd7 Kc6 0-1

[Event "Wch Seniors 65 30th"]
[Site "Assisi"]
[Date "2022.11.18"]
[Round "4"]
[White "Vaisser, Anatoli"]
[Black "Luciani, Carlo"]
[Result "1/2-1/2"]
[WhiteElo "2463"]
[BlackElo "2187"]
[PlyCount "63"]
[EventDate "2022.11.15"]
[EventType "swiss"]
[EventRounds "11"]
[EventCountry "ITA"]
[SourceTitle "CBM 211 Extra"]
[Source "ChessBase"]
[SourceDate "2023.01.31"]
[SourceVersion "1"]
[SourceVersionDate "2023.01.31"]
[SourceQuality "1"]

1. d4 Nf6 2. c4 g6 3. Nc3 Bg7 4. e4 d6 5. f4 c5 6. d5 0-0 7. Nf3 a6 8. a4 e6 9. Be2 exd5 10. cxd5 Re8 11. Nd2 Ng4 12. Bxg4 Qh4+ 13. g3 Qxg4 14. Qxg4 Bxg4 15. Kf2 Nd7 16. Re1 Bd4+ 17. Kg2 Nf6 18. h3 Bf5 19. g4 Bxc3 20. bxc3 Bxe4+ 21. Nxe4 Rxe4 22. Rxe4 Nxe4 23. c4 f5 24. Rb1 Rb8 25. a5 Kf7 26. Kf3 Ke7 27. Rb2 Nf6 28. Re2+ Kf7 29. Rb2 Nd7 30. Re2 Re8 31. Rb2 Rb8 32. Ke3 1/2-1/2

[Event "WchT Seniors 65"]
[Site "Acqui Terme"]
[Date "2022.06.26"]
[Round "6.2"]
[White "Vaisser, Anatoli"]
[Black "Knaak, Rainer"]
[Result "1/2-1/2"]
[WhiteElo "2477"]
[BlackElo "2479"]
[PlyCount "82"]
[EventDate "2022.06.20"]
[EventType "team-tourn"]
[EventRounds "9"]
[EventCountry "ITA"]
[SourceTitle "CBM 209 Extra"]
[Source "ChessBase"]
[SourceDate "2022.09.30"]
[SourceVersion "1"]
[SourceVersionDate "2022.09.30"]
[SourceQuality "1"]
[WhiteTeam "France 65"]
[BlackTeam "Germany 65"]
[WhiteTeamCountry "FRA"]
[BlackTeamCountry "GER"]

1. d4 d5 2. c4 e6 3. Nc3 a6 4. cxd5 exd5 5. Bf4 Nf6 6. e3 c5 7. dxc5 Bxc5 8. Nf3 Nc6 9. Be2 0-0 10. 0-0 Be6 11. Ne5 Bd6 12. Nxc6 bxc6 13. Bxd6 Qxd6 14. Na4 c5 15. Rc1 Rfc8 16. Qd3 Rc6 17. Rfd1 Rac8 18. h3 Nd7 19. Nc3 Nf6 20. Bf3 Qb8 21. Nxd5 Nxd5 22. Bxd5 Rd6 23. Qc4 Rcd8 24. e4 Qxb2 25. Qxc5 g6 26. Rc2 Qe5 27. Rcd2 Kg7 28. Qe3 Bxd5 29. f4 Qe6 30. Qd4+ Kg8 31. f5 gxf5 32. exd5 Rxd5 33. Qxd5 Rxd5 34. Rxd5 f4 35. R5d2 f3 36. Rf1 Qe3+ 37. Rdf2 fxg2 38. Kxg2 Qe4+ 39. Rf3 Kg7 40. Kh2 Qe5+ 41. Kh1 Qd5 1/2-1/2

[Event "WchT Seniors 65"]
[Site "Acqui Terme"]
[Date "2022.06.23"]
[Round "4.2"]
[White "Meister, Jakob"]
[Black "Vaisser, Anatoli"]
[Result "1-0"]
[WhiteElo "2415"]
[BlackElo "2477"]
[PlyCount "93"]
[EventDate "2022.06.20"]
[EventType "team-tourn"]
[EventRounds "9"]
[EventCountry "ITA"]
[SourceTitle "CBM 209 Extra"]
[Source "ChessBase"]
[SourceDate "2022.09.30"]
[SourceVersion "1"]
[SourceVersionDate "2022.09.30"]
[SourceQuality "1"]
[WhiteTeam "Germany 65 II"]
[BlackTeam "France 65"]
[WhiteTeamCountry "GER"]
[BlackTeamCountry "FRA"]

1. e4 e6 2. d4 d5 3. Nc3 Nf6 4. Bg5 dxe4 5. Nxe4 Be7 6. Bxf6 gxf6 7. Nf3 f5 8. Ned2 c5 9. Nc4 Nc6 10. dxc5 Qxd1+ 11. Rxd1 Bxc5 12. c3 a5 13. Nd6+ Ke7 14. Nxc8+ Rhxc8 15. a4 Rd8 16. Bd3 Kf6 17. Ke2 e5 18. Bb5 Ne7 19. g3 Nd5 20. Nd2 Nc7 21. Bc4 e4 22. f3 exf3+ 23. Nxf3 Re8+ 24. Kd2 Re4 25. b3 f4 26. Kc2 Ne6 27. Rhf1 Ke7 28. Nd2 Re5 29. gxf4 Rf5 30. Ne4 Rg8 31. Rd5 Rg2+ 32. Kb1 Rxd5 33. Bxd5 Rg1 34. Rxg1 Bxg1 35. f5 Nf4 36. Bxb7 Bxh2 37. Kc2 h5 38. b4 axb4 39. cxb4 Kd8 40. Ng5 Ne2 41. Kd3 Nc1+ 42. Kc4 Kc7 43. Bf3 h4 44. Nxf7 Bf4 45. a5 Kb8 46. f6 h3 47. Nd8 1-0

[Event "Catalunya-chT Gp2"]
[Site "Barcelona"]
[Date "2022.03.12"]
[Round "8.1"]
[White "Vaisser, Anatoli"]
[Black "Peralta, Fernando"]
[Result "1/2-1/2"]
[WhiteElo "2484"]
[BlackElo "2585"]
[PlyCount "57"]
[EventDate "2022.01.22"]
[EventType "team-tourn"]
[EventRounds "9"]
[EventCountry "ESP"]
[SourceTitle "CBM 208 Extra"]
[Source "ChessBase"]
[SourceDate "2022.07.31"]
[SourceVersion "1"]
[SourceVersionDate "2022.07.31"]
[SourceQuality "1"]
[WhiteTeam "Platja D'Aro"]
[BlackTeam "Valls"]
[WhiteTeamCountry "ESP"]
[BlackTeamCountry "ESP"]

1. d4 Nf6 2. c4 e6 3. Nc3 Bb4 4. e3 0-0 5. a3 Bxc3+ 6. bxc3 c5 7. Bd3 Nc6 8. Ne2 b6 9. e4 Ne8 10. Be3 Ba6 11. dxc5 Ne5 12. cxb6 axb6 13. Bd4 Nxd3+ 14. Qxd3 Qc7 15. 0-0 e5 16. Be3 Nd6 17. Rfd1 Nxc4 18. Ng3 Rfc8 19. Nf5 Nb2 20. Qd2 Nxd1 21. Rxd1 Qxc3 22. Ne7+ Kf8 23. Nxc8 Qxd2 24. Rxd2 Bxc8 25. Rd3 b5 26. f3 f6 27. Bc5+ Ke8 28. Rd6 Ra6 29. Rxa6 1/2-1/2

[Event "EU-Cup 36th"]
[Site "Struga"]
[Date "2021.09.22"]
[Round "5.3"]
[White "Suleymanli, Aydin Elshan"]
[Black "Vaisser, Anatoli"]
[Result "1/2-1/2"]
[WhiteElo "2536"]
[BlackElo "2494"]
[PlyCount "60"]
[EventDate "2021.09.18"]
[EventType "team-swiss"]
[EventRounds "7"]
[EventCountry "MKD"]
[SourceTitle "CBM 204 Extra"]
[Source "ChessBase"]
[SourceDate "2021.11.30"]
[SourceVersion "1"]
[SourceVersionDate "2021.11.30"]
[SourceQuality "1"]
[WhiteTeam "Vugar Gashimov"]
[BlackTeam "Asnieres"]
[WhiteTeamCountry "AZE"]
[BlackTeamCountry "FRA"]

1. d4 e6 2. c4 f5 3. Nc3 Nf6 4. e3 b6 5. Bd3 Bb7 6. f3 c5 7. d5 exd5 8. cxd5 Nxd5 9. Nxd5 Bxd5 10. Bxf5 Bf7 11. Qa4 Nc6 12. Bd2 Qf6 13. Qe4+ Be7 14. Bc3 Qh4+ 15. Qxh4 Bxh4+ 16. g3 Bf6 17. Bxf6 gxf6 18. 0-0-0 Rd8 19. Kb1 d5 20. f4 0-0 21. Nf3 Rfe8 22. Rhe1 Ne7 23. Bd3 Bg6 24. Bxg6 hxg6 25. e4 dxe4 26. Rxd8 Rxd8 27. Rxe4 Kf7 28. Kc2 Nc6 29. a3 b5 30. Re2 Nd4+ 1/2-1/2

[Event "EU-Cup 36th"]
[Site "Struga"]
[Date "2021.09.19"]
[Round "2.10"]
[White "Dragicevic, Drazen"]
[Black "Vaisser, Anatoli"]
[Result "1/2-1/2"]
[WhiteElo "2344"]
[BlackElo "2494"]
[PlyCount "63"]
[EventDate "2021.09.18"]
[EventType "team-swiss"]
[EventRounds "7"]
[EventCountry "MKD"]
[SourceTitle "CBM 204 Extra"]
[Source "ChessBase"]
[SourceDate "2021.11.30"]
[SourceVersion "1"]
[SourceVersionDate "2021.11.30"]
[SourceQuality "1"]
[WhiteTeam "Lunds"]
[BlackTeam "Asnieres"]
[WhiteTeamCountry "SWE"]
[BlackTeamCountry "FRA"]

1. c4 f5 2. g3 Nf6 3. Bg2 g6 4. Nc3 Bg7 5. d3 d6 6. e4 fxe4 7. dxe4 0-0 8. Nge2 c5 9. e5 dxe5 10. Qxd8 Rxd8 11. Be3 Nc6 12. Bxc5 e4 13. Nxe4 Nxe4 14. Bxe4 Bxb2 15. Rb1 Bf6 16. h4 Ne5 17. Nf4 Bg4 18. Bd5+ e6 19. Bxb7 Nf3+ 20. Bxf3 Bxf3 21. 0-0 Rdc8 22. Be3 Rxc4 23. Nxe6 Ra4 24. Ng5 Bxg5 25. Bxg5 Rxa2 26. Rb3 Bd5 27. Rc3 Rf8 28. Bh6 Re8 29. Rd1 Ra5 30. Rc7 Bf3 31. Rdc1 Rae5 32. Be3 1/2-1/2

[Event "EUR-chT Seniors 65"]
[Site "Prague"]
[Date "2021.09.02"]
[Round "4.1"]
[White "Vaisser, Anatoli"]
[Black "Jansa, Vlastimil"]
[Result "1-0"]
[WhiteElo "2496"]
[BlackElo "2420"]
[PlyCount "65"]
[EventDate "2021.08.30"]
[EventType "team-swiss"]
[EventRounds "9"]
[EventCountry "CZE"]
[SourceTitle "CBM 204 Extra"]
[Source "ChessBase"]
[SourceDate "2021.11.30"]
[SourceVersion "1"]
[SourceVersionDate "2021.11.30"]
[SourceQuality "1"]
[WhiteTeam "France 65"]
[BlackTeam "Lysa nad Labem 65"]
[WhiteTeamCountry "FRA"]
[BlackTeamCountry "CZE"]

1. d4 Nf6 2. c4 g6 3. Nc3 d5 4. cxd5 Nxd5 5. e4 Nxc3 6. bxc3 Bg7 7. Bc4 0-0 8. Ne2 c5 9. 0-0 Nc6 10. Be3 Na5 11. Bd3 b6 12. Rc1 e6 13. Qd2 Bb7 14. h4 e5 15. h5 cxd4 16. cxd4 exd4 17. Bh6 Qe7 18. Bxg7 Kxg7 19. h6+ Kg8 20. Nxd4 Rad8 21. Nf3 Rd7 22. Qc3 f6 23. Bb5 Rdd8 24. Rfe1 Rc8 25. Qe3 Rxc1 26. Qxc1 Rc8 27. Qf4 Rc5 28. Rd1 Nc6 29. Ba4 g5 30. Qg4 Nb8 31. Bb3+ Kf8 32. Nd4 Bc8 33. Be6 1-0

[Event "EUR-chT Seniors 65"]
[Site "Prague"]
[Date "2021.08.31"]
[Round "2.1"]
[White "Jurek, Josef"]
[Black "Vaisser, Anatoli"]
[Result "1/2-1/2"]
[WhiteElo "2208"]
[BlackElo "2496"]
[PlyCount "82"]
[EventDate "2021.08.30"]
[EventType "team-swiss"]
[EventRounds "9"]
[EventCountry "CZE"]
[SourceTitle "CBM 204 Extra"]
[Source "ChessBase"]
[SourceDate "2021.11.30"]
[SourceVersion "1"]
[SourceVersionDate "2021.11.30"]
[SourceQuality "1"]
[WhiteTeam "Vysehrad SK Sokol 65"]
[BlackTeam "France 65"]
[WhiteTeamCountry "CZE"]
[BlackTeamCountry "FRA"]

1. Nf3 d5 2. c4 e6 3. g3 c6 4. Bg2 b5 5. b3 bxc4 6. bxc4 Nd7 7. Qc2 Ngf6 8. 0-0 Be7 9. d3 0-0 10. Bb2 Rb8 11. Nbd2 c5 12. cxd5 exd5 13. Rab1 d4 14. Nc4 Bb7 15. e3 dxe3 16. fxe3 Nd5 17. Qd2 N5b6 18. Na5 Ba8 19. e4 c4 20. dxc4 Bxe4 21. Rbe1 Nc5 22. Qxd8 Rbxd8 23. Ba3 Rfe8 24. Rxe4 Nxe4 25. Bxe7 Rxe7 26. Nc6 Rde8 27. Nxe7+ Rxe7 28. Re1 Kf8 29. Nd4 Nc5 30. Rxe7 Kxe7 31. Nc6+ Kd6 32. Nxa7 Nxc4 33. Nb5+ Ke5 34. Bc6 f5 35. Nc3 Kd4 36. Ne2+ Ke3 37. Nf4 g5 38. Nd5+ Kd4 39. Nf6 Ne5 40. Be8 Ke3 41. Nxh7 Nf3+ 1/2-1/2

[Event "BL2-West 1920"]
[Site "Germany"]
[Date "2021.08.08"]
[Round "9.3"]
[White "Zatonskih, Anna"]
[Black "Vaisser, Anatoli"]
[Result "1/2-1/2"]
[WhiteElo "2420"]
[BlackElo "2496"]
[PlyCount "96"]
[EventDate "2019.09.19"]
[EventType "team-tourn"]
[EventRounds "9"]
[EventCountry "GER"]
[SourceTitle "EXT 2023"]
[Source "ChessBase"]
[SourceDate "2022.10.05"]
[SourceVersion "1"]
[SourceVersionDate "2022.10.05"]
[SourceQuality "1"]
[WhiteTeam "Bochum"]
[BlackTeam "Duesseldorf"]
[WhiteTeamCountry "GER"]
[BlackTeamCountry "GER"]

1. d4 e6 2. Nf3 f5 3. g3 Nf6 4. Bg2 d5 5. 0-0 Bd6 6. c4 0-0 7. cxd5 exd5 8. Bf4 Bxf4 9. gxf4 c6 10. e3 Ne4 11. Nc3 Nd7 12. Ne2 a5 13. Ne5 Ndf6 14. Qc2 Be6 15. Ng3 Qe7 16. Rfc1 Nd7 17. Nd3 Ra7 18. Rab1 a4 19. Qe2 Rfa8 20. Bh3 g6 21. Bg2 Ra5 22. Qe1 Qd6 23. Ne5 Rb5 24. Ne2 a3 25. b3 Qb4 26. Qxb4 Rxb4 27. Nxd7 Bxd7 28. Rc2 Kf7 29. Nc1 Ke7 30. Nd3 Rb6 31. Bf1 Ra5 32. Nc5 Nxc5 33. Rxc5 Rb4 34. Bd3 Ke6 35. Kf1 Kd6 36. Rd1 b6 37. Rc2 Be6 38. Rcd2 Ra8 39. Be2 c5 40. dxc5+ bxc5 41. Bf3 Kc6 42. Rc1 Kb6 43. Rcd1 d4 44. Be2 Rd8 45. Ke1 Kc6 46. Rc1 Kb6 47. Rcd1 Ka5 48. Rc1 Kb6 1/2-1/2

[Event "EU-Cup Online Gr-H"]
[Site "Tornelo INT"]
[Date "2021.03.28"]
[Round "7.1"]
[White "Manik, Mikulas"]
[Black "Vaisser, Anatoli"]
[Result "1-0"]
[WhiteElo "2353"]
[BlackElo "2501"]
[PlyCount "45"]
[EventDate "2021.03.27"]
[EventType "team-tourn (rapid)"]
[EventRounds "9"]
[EventCountry "NET"]
[SourceTitle "CBM 201 Extra"]
[Source "ChessBase"]
[SourceDate "2021.05.31"]
[SourceVersion "1"]
[SourceVersionDate "2021.05.31"]
[SourceQuality "1"]
[WhiteTeam "Prakovce"]
[BlackTeam "Asnieres II"]
[WhiteTeamCountry "SVK"]
[BlackTeamCountry "FRA"]

1. e4 c5 2. Nf3 Nc6 3. Bb5 e6 4. 0-0 Nge7 5. Re1 a6 6. Bxc6 Nxc6 7. d4 cxd4 8. Nxd4 Be7 9. Nxc6 dxc6 10. Qg4 g6 11. e5 0-0 12. Bh6 Re8 13. Nc3 Qc7 14. Rad1 c5 15. Ne4 Qxe5 16. Nd6 Bxd6 17. Rxe5 Bxe5 18. Qa4 Bd7 19. Rxd7 b5 20. Qe4 Bxb2 21. Qf4 f5 22. Qc7 Ra7 23. Qxa7 1-0

[Event "EU-Cup Online Gr-H"]
[Site "Tornelo INT"]
[Date "2021.03.28"]
[Round "9.1"]
[White "Vaisser, Anatoli"]
[Black "Kuzubov, Yuriy"]
[Result "0-1"]
[WhiteElo "2501"]
[BlackElo "2642"]
[PlyCount "64"]
[EventDate "2021.03.27"]
[EventType "team-tourn (rapid)"]
[EventRounds "9"]
[EventCountry "NET"]
[SourceTitle "CBM 201 Extra"]
[Source "ChessBase"]
[SourceDate "2021.05.31"]
[SourceVersion "1"]
[SourceVersionDate "2021.05.31"]
[SourceQuality "1"]
[WhiteTeam "Asnieres II"]
[BlackTeam "Greco Notary"]
[WhiteTeamCountry "FRA"]
[BlackTeamCountry "UKR"]

1. d4 Nf6 2. c4 e6 3. Nc3 Bb4 4. e3 0-0 5. Bd3 c5 6. Nge2 d5 7. cxd5 cxd4 8. exd4 Nxd5 9. 0-0 Nc6 10. Be4 Re8 11. Nxd5 exd5 12. Bf3 Bf5 13. Ng3 Be4 14. Bxe4 dxe4 15. a3 Bf8 16. d5 Ne7 17. Nxe4 Qxd5 18. Nc3 Qc6 19. Bf4 Rad8 20. Qb3 Nf5 21. Qb5 Qc8 22. Rac1 Nd4 23. Qa4 Qg4 24. Bc7 Ne2+ 25. Kh1 Qxa4 26. Nxa4 Rd4 27. Nc3 Nxc1 28. Rxc1 Rd2 29. Bg3 Rxb2 30. h3 Bxa3 31. Ra1 Rb3 32. Nd5 Bc5 0-1

[Event "EU-Cup Online Gr-H"]
[Site "Tornelo INT"]
[Date "2021.03.27"]
[Round "3.1"]
[White "Nagy, Gabor"]
[Black "Vaisser, Anatoli"]
[Result "0-1"]
[WhiteElo "2516"]
[BlackElo "2501"]
[PlyCount "86"]
[EventDate "2021.03.27"]
[EventType "team-tourn (rapid)"]
[EventRounds "9"]
[EventCountry "NET"]
[SourceTitle "CBM 201 Extra"]
[Source "ChessBase"]
[SourceDate "2021.05.31"]
[SourceVersion "1"]
[SourceVersionDate "2021.05.31"]
[SourceQuality "1"]
[WhiteTeam "Eupen Rochade"]
[BlackTeam "Asnieres II"]
[WhiteTeamCountry "BEL"]
[BlackTeamCountry "FRA"]

1. Nf3 f5 2. d4 Nf6 3. c4 e6 4. Nc3 d5 5. Bf4 c6 6. e3 Bd6 7. Bd3 0-0 8. 0-0 Ne4 9. Qc2 Qe7 10. Rfe1 Nd7 11. c5 Bb8 12. b4 e5 13. Nxe5 Nxe5 14. Bxe5 Bxe5 15. dxe5 Qxe5 16. Ne2 Bd7 17. f4 Qf6 18. Bxe4 fxe4 19. Qc3 Qh4 20. Red1 a6 21. Nd4 Rf6 22. Qe1 Qh5 23. Ne2 Rh6 24. h3 Rf8 25. Rd2 Rff6 26. Ng3 Qf7 27. Rad1 Qe7 28. a4 Rfg6 29. f5 Rg5 30. Qf2 Qe5 31. Kh2 Rxf5 32. Qe1 Rg6 33. b5 axb5 34. axb5 Rfg5 35. bxc6 bxc6 36. Ra1 Rxg3 37. Ra8+ Kf7 38. Kh1 Bxh3 39. Ra7+ Ke6 40. Qf1 Bxg2+ 41. Rxg2 Qh5+ 42. Rh2 Qf3+ 43. Qxf3 Rg1# 0-1

[Event "World Corporate East E"]
[Site "Chess.com INT"]
[Date "2021.02.19"]
[Round "1.11"]
[White "Vaisser, Anatoli"]
[Black "Girya, Olga"]
[Result "1-0"]
[WhiteElo "2501"]
[BlackElo "2432"]
[PlyCount "83"]
[EventDate "2021.02.19"]
[EventType "team (rapid)"]
[EventRounds "7"]
[EventCountry "USA"]
[SourceTitle "EXT 2022"]
[Source "ChessBase"]
[SourceDate "2021.10.06"]
[SourceVersion "1"]
[SourceVersionDate "2021.10.06"]
[SourceQuality "1"]
[WhiteTeam "Kaissa Consulting"]
[BlackTeam "Visitech"]
[WhiteTeamCountry "FRA"]
[BlackTeamCountry "RUS"]

1. d4 Nf6 2. c4 e6 3. Nc3 d5 4. cxd5 exd5 5. Bg5 Bb4 6. e3 h6 7. Bxf6 Qxf6 8. Qa4+ Nc6 9. Nf3 0-0 10. Rc1 Qg6 11. Qb3 Be6 12. a3 Bxc3+ 13. Qxc3 Rac8 14. g3 Qh5 15. Bg2 Bh3 16. 0-0 Bxg2 17. Kxg2 Rfd8 18. b4 a6 19. a4 Rd6 20. b5 axb5 21. axb5 Ne7 22. Qa5 b6 23. Qa7 Qf5 24. Rxc7 Rxc7 25. Qxc7 Rd7 26. Qxb6 Qe4 27. Qb8+ Kh7 28. Qf4 Qe6 29. Ne5 Ng6 30. Nxg6 fxg6 31. Rb1 Rf7 32. Qe5 Qd7 33. b6 Qc6 34. Rb2 Qc1 35. Qxd5 Qxb2 36. Qxf7 Qxb6 37. d5 Qb3 38. e4 Qd3 39. Qf3 Qd4 40. Qe3 Qe5 41. Qd3 g5 42. d6 1-0

[Event "World Corporate East E"]
[Site "Chess.com INT"]
[Date "2021.02.19"]
[Round "3.5"]
[White "Vaisser, Anatoli"]
[Black "Viers, Emmanuel"]
[Result "1-0"]
[WhiteElo "2501"]
[BlackElo "2143"]
[PlyCount "95"]
[EventDate "2021.02.19"]
[EventType "team (rapid)"]
[EventRounds "7"]
[EventCountry "USA"]
[SourceTitle "EXT 2022"]
[Source "ChessBase"]
[SourceDate "2021.10.06"]
[SourceVersion "1"]
[SourceVersionDate "2021.10.06"]
[SourceQuality "1"]
[WhiteTeam "Kaissa Consulting"]
[BlackTeam "SII Global"]
[WhiteTeamCountry "FRA"]
[BlackTeamCountry "FRA"]

1. d4 d5 2. c4 c6 3. cxd5 cxd5 4. Bf4 Nf6 5. Nc3 e6 6. e3 Be7 7. Bd3 Nc6 8. Rc1 Bd7 9. g4 Qa5 10. Kf1 h6 11. a3 Rc8 12. h3 a6 13. Nf3 Na7 14. Kg2 Bc6 15. Ne5 Nd7 16. Rb1 Nxe5 17. Bxe5 0-0 18. h4 f6 19. Bg3 Nb5 20. Ne2 Nd6 21. Nf4 Bd7 22. Ng6 Qd8 23. Nxf8 Qxf8 24. Rc1 Bc6 25. Bb1 Nc4 26. Qd3 Bd6 27. Qh7+ Kf7 28. g5 hxg5 29. hxg5 Bxg3 30. gxf6 Kxf6 31. Qg6+ Ke7 32. Qxg3 Qf6 33. Rh7 Rg8 34. b3 Nxa3 35. Qc7+ Ke8 36. Rxc6 bxc6 37. Qxc6+ Kf7 38. Qc7+ Qe7 39. Bg6+ Kf6 40. Qg3 Qb4 41. Rh4 Qxb3 42. Qe5+ Ke7 43. Qc7+ Kf6 44. Rf4+ Kxg6 45. Qf7+ Kh6 46. Rh4+ Kg5 47. Rh5+ Kg4 48. f3# 1-0

[Event "ACP ChessBase KO"]
[Site "Playchess.com INT"]
[Date "2020.07.24"]
[Round "1.1"]
[White "Donchenko, Alexander"]
[Black "Vaisser, Anatoli"]
[Result "1/2-1/2"]
[WhiteElo "2646"]
[BlackElo "2504"]
[PlyCount "80"]
[EventDate "2020.07.24"]
[EventType "k.o. (blitz)"]
[EventRounds "5"]
[EventCountry "GER"]
[SourceTitle "CBM 197 Extra"]
[Source "ChessBase"]
[SourceDate "2020.09.30"]
[SourceVersion "1"]
[SourceVersionDate "2020.09.30"]
[SourceQuality "1"]

1. c4 f5 2. g3 Nf6 3. Bg2 d6 4. d4 g6 5. Nf3 Bg7 6. Nc3 0-0 7. 0-0 c6 8. Re1 Ne4 9. Qc2 Nxc3 10. bxc3 e5 11. Bg5 Qe8 12. e4 Qf7 13. c5 fxe4 14. Rxe4 Bf5 15. cxd6 exd4 16. Nxd4 Bxe4 17. Bxe4 Nd7 18. Be7 Rfe8 19. Rb1 Nc5 20. Nb3 Nxe4 21. Qxe4 Bf8 22. Re1 Bxe7 23. dxe7 Rab8 24. Na5 Qd5 25. Nc4 Qxe4 26. Rxe4 Kf7 27. Nd6+ Kf6 28. Nxe8+ Rxe8 29. Rf4+ Kxe7 30. Rh4 h5 31. g4 Rh8 32. Kg2 Kf6 33. Kg3 b5 34. gxh5 gxh5 35. Rd4 Ke5 36. f4+ Ke6 37. Re4+ Kf6 38. Rd4 Ke6 39. Re4+ Kf6 40. Rd4 Ke6 1/2-1/2

[Event "FRA-ch Blitz Online Qual"]
[Site "Europe Echecs INT"]
[Date "2020.05.16"]
[Round "10"]
[White "Alloui Cros, Baptiste"]
[Black "Vaisser, Anatoli"]
[Result "0-1"]
[WhiteElo "2139"]
[BlackElo "2504"]
[PlyCount "75"]
[EventDate "2020.05.16"]
[EventType "swiss (blitz)"]
[EventRounds "15"]
[EventCountry "FRA"]
[SourceTitle "CBM 196 Extra"]
[Source "ChessBase"]
[SourceDate "2020.07.31"]
[SourceVersion "1"]
[SourceVersionDate "2020.07.31"]
[SourceQuality "1"]

1. d4 e6 2. e4 d5 3. exd5 exd5 4. c4 dxc4 5. Bxc4 Bd6 6. Nc3 Nf6 7. Nge2 0-0 8. 0-0 Nc6 9. Bf4 Bxf4 10. Nxf4 Qxd4 11. Qxd4 Nxd4 12. Rad1 c5 13. Ncd5 Nxd5 14. Nxd5 Be6 15. b4 b6 16. bxc5 bxc5 17. Rfe1 Rfd8 18. Nc7 Bxc4 19. Nxa8 Rxa8 20. Rc1 Ne2+ 21. Rxe2 Bxe2 22. Rxc5 g6 23. f3 Rb8 24. Ra5 Rb7 25. Kf2 Bc4 26. a3 a6 27. Ke3 Rb2 28. Rc5 Bf1 29. g4 Rxh2 30. a4 Ra2 31. Rc1 Bg2 32. Rg1 Ra3+ 33. Kf2 Bxf3 34. g5 Bd5 35. Rd1 Be6 36. Rd4 Kg7 37. Ke2 h6 38. gxh6+ 0-1

[Event "FRA-ch Blitz Online Qual"]
[Site "Europe Echecs INT"]
[Date "2020.05.16"]
[Round "9"]
[White "Vaisser, Anatoli"]
[Black "Muminova, Nafisa"]
[Result "0-1"]
[WhiteElo "2504"]
[BlackElo "2274"]
[PlyCount "62"]
[EventDate "2020.05.16"]
[EventType "swiss (blitz)"]
[EventRounds "15"]
[EventCountry "FRA"]
[SourceTitle "CBM 196 Extra"]
[Source "ChessBase"]
[SourceDate "2020.07.31"]
[SourceVersion "1"]
[SourceVersionDate "2020.07.31"]
[SourceQuality "1"]

1. d4 Nf6 2. c4 e6 3. Nc3 c5 4. d5 exd5 5. cxd5 d6 6. e4 g6 7. f4 Bg7 8. Nf3 0-0 9. Be2 b5 10. e5 dxe5 11. fxe5 Ng4 12. Bg5 Qa5 13. 0-0 Nxe5 14. Nxe5 Bxe5 15. Be7 Bd4+ 16. Kh1 Re8 17. d6 Nc6 18. Bxb5 Bd7 19. Bxc6 Bxc6 20. Qb3 Rf8 21. Bxf8 Rxf8 22. Nd5 Ba8 23. Rae1 Qd8 24. Ne7+ Kg7 25. Qg3 Kh8 26. h4 Qd7 27. Qg5 Qxd6 28. h5 Qd7 29. Kh2 Qc7+ 30. g3 Qb7 31. Re2 Qa6 0-1